Federal Property and Records Management : hearings before the United States Senate Committee on Government Operations, Subcommittee on Reorganization, Eighty-Fifth Congress, first session, on July 11, 1957.

Considers (85) S. 2231, (85) S. 2283, (85) S. 2224, (85) S. 2177, (85) S. 1540, (85) S. 1754, (85) S. 2533.

Bibliographic Details
Corporate Authors: United States. Congress. Senate. Committee on Government Operations. Subcommittee on Reorganization, Research, and International Organizations, ProQuest (Firm)
Format: Government Document eBook
Language:English
Published: Washington : U.S. G.P.O., 1957.
Series:U.S. Congressional Hearings.
Subjects:
Online Access:Connect to the full text of this electronic book

MARC

Tag First Indicator Second Indicator Subfields
LEADER 00000cam a22000001a 4500
001 in00003207608
006 m d f
007 cr bn mmmapmmp
008 090623s1957 dcu o f000 0 eng d
005 20260504163234.9
035 |a cis2007425800 
040 |a UMI  |c UMI  |d UtOrBLW 
043 |a n-us--- 
086 0 |a Y 4.G 74/6:F 31 
099 |a HRG-1957-OPS-0008 
110 1 |a United States.  |b Congress.  |b Senate.  |b Committee on Government Operations.  |b Subcommittee on Reorganization, Research, and International Organizations. 
245 1 0 |a Federal Property and Records Management :  |b hearings before the United States Senate Committee on Government Operations, Subcommittee on Reorganization, Eighty-Fifth Congress, first session, on July 11, 1957. 
264 1 |a Washington :  |b U.S. G.P.O.,  |c 1957. 
300 |a 1 online resource. 
336 |a text  |b txt  |2 rdacontent 
337 |a computer  |b c  |2 rdamedia 
338 |a online resource  |b cr  |2 rdacarrier 
500 |a Record is based on bibliographic data in ProQuest Congressional Hearings Digital Collection. Reuse except for individual research requires license from ProQuest, LLC. 
520 |a Considers (85) S. 2231, (85) S. 2283, (85) S. 2224, (85) S. 2177, (85) S. 1540, (85) S. 1754, (85) S. 2533. 
538 |a System requirements: PDF reader software. 
500 |a Electronic resource. 
650 0 |a Surplus government property, American  |x Law and legislation. 
650 0 |a Government purchasing  |x Law and legislation  |z United States. 
655 7 |a Electronic books.  |2 local 
710 2 |a ProQuest (Firm) 
776 0 8 |i Print version:  |a United States. Congress. Senate. Committee on Government Operations. Subcommittee on Reorganization, Research, and International Organizations.  |t Federal Property and Records Management 
776 0 8 |i Microfiche version:  |a United States. Congress. Senate. Committee on Government Operations. Subcommittee on Reorganization, Research, and International Organizations.  |t Federal Property and Records Management.  |d [Bethesda, Md.] : ProQuest,[2004]  |o CIS Hrgs MF Gp 3--(85) S1309-4  |w (ProQuest)cis10604265 
830 0 |a U.S. Congressional Hearings. 
856 4 0 |u http://proxy.library.tamu.edu/login?url=https://congressional.proquest.com/congcomp/getdoc?HEARING-ID=HRG-1957-OPS-0008  |z Connect to the full text of this electronic book  |t 0 
998 |a cis10604265 
999 |a MARS 
999 f f |s 568643bf-f3e9-3b17-b433-961e802ed055  |i 27ee56ce-ec2e-3ba6-8461-81bda3e94678  |t 0 
952 f f |a Texas A&M University  |b College Station  |c Electronic Resources  |s www_evans  |d Available Online  |t 0  |e HRG-1957-OPS-0008  |h Other scheme 
998 f f |a HRG-1957-OPS-0008  |t 0  |l Available Online